01000nac a22002531u 4500010001600000020004200016082001900058090001500077100003400092245008900126250003000215260005000245300004600295490004600341500002700387504006600414511002500480650002800505700002700533830004300560942002100603999001500624952010700639 a 96005708 a3540605940 (Berlin : acid-free paper)00a621.38152bHER c5977d5977 aHerman, Marian A. 10aMolecular beam epitaxy :bfundamentals and current status /cM.A. Herman, H. Sitter. a2nd, rev. and updated ed. aBerlin ;aNew York :bSpringer,c1996.cc1996. axiv, 453 p. :bill. (some col.) ;c24 cm.1 aSpringer series in materials science ;v7 aDistributer: Al-Ahram. aIncludes bibliographical references (p. [399]-447) and index. aCatalogued: Mahitab. 0aMolecular beam epitaxy.1 aSitter, Helmut,d1951- 0aSpringer series in materials science ; cBBk621.38152HER c5977d5977 00104070aMAINbMAINc1STd2011-11-07ePurchasel0o621.38152HERp000006975r2025-07-15 00:00:00yBB